000 01034nam a2200301 i 4500
003 EG-GICUC
005 20260423210057.0
008 260423s1978 it |||f |||| 001 0 ita d
040 _aEG-GiCUC
_bita
_cEG-GiCUC
_dEG-GiCUC
_erda
041 _aita
082 0 4 _221
_a343.3045
_bRO . P
092 0 4 _221
099 _aLaw1 10 343.3045 RO . P 1978 1011224 C1
100 1 _aRonza, Paolo Di
_eAuthor.
245 1 0 _aPartecipazione E Difesa Dell' Imputato Nel Processo Penale /
_cPaolo Di Ronza.
264 1 _aNapoli :
_bCasa Editrice Dott. Eugenio Jovene,
_c1978.
300 _a149 pages ;
_c24 cm.
336 _2rda content
_atext
337 _2rda media
_aComputer
338 _2rda carrier
_aOnline Resource
490 _aPubblicazioni Della Facoltà Giuridica Dell'università Di Napoli ;
_v161
546 _a Text in Italian
650 1 4 _aCodice di procedura penale
651 1 4 _aItalia
_xLeggi e legislazione
856 4 0 _uhttps://fll.law.cu.edu.eg/fulltext/bks/B10-11224.pdf
905 _a164
942 _2ddc
_cBK
_e21
_n0
999 _c73008
_d73008